Statistiques concernant La Bible - Les 12 juges d'Israël

Cliquez ici pour prendre le quiz!

Statistiques générales

  • Ce quiz a été pris 60 fois
  • Le résultat moyen est 7 sur 12

Statistiques - réponses

VersetNom du juge% Correct
Ju. 6:1 à 8:35Gédéon
83%
Ju. 4:1 à 5:31Débora
79%
Ju. 13:1 à 16:31Samson
77%
Ju. 3:7-11Othniel
71%
Ju. 3:12-30Ehud
65%
Ju. 10:6 à 12:7Jephté
65%
Ju. 3:31Schamgar
63%
Ju. 10:3-5Jaïr
54%
Ju. 10:1-2Thola
52%
Ju. 12:13-15Abdon
46%
Ju. 12:11-12Elon
44%
Ju. 12:8-10Ibtsan
42%

Distribution des résultats

Percentile par nombre de réponses

% des personnes avec chaque résultat

Votre développement - résultats

Vous n’avez pas pris ce quiz